Fundamentals of accounting / (Record no. 1226)

MARC details
000 -LEADER
fixed length control field 00595cam a22002052 4500
001 - CONTROL NUMBER
control field 0000021006
005 - DATE AND TIME OF LATEST TRANSACTION
control field 20151021151140.0
008 - FIXED-LENGTH DATA ELEMENTS--GENERAL INFORMATION
fixed length control field 120106s xx 000 0 eng d
020 ## - INTERNATIONAL STANDARD BOOK NUMBER
International Standard Book Number 9966010874 :
040 ## - CATALOGING SOURCE
Original cataloging agency KABU
Transcribing agency KABU
050 #0 - LIBRARY OF CONGRESS CALL NUMBER
Classification number HF5635
Item number .W36 2008
100 1# - MAIN ENTRY--PERSONAL NAME
Personal name Wang'ombe, David K.
-- 0000155187
245 10 - TITLE STATEMENT
Title Fundamentals of accounting /
Statement of responsibility, etc. David K. Wang'ombe.
260 ## - PUBLICATION, DISTRIBUTION, ETC. (IMPRINT)
Place of publication, distribution, etc. Nairobi :
Name of publisher, distributor, etc. Focus,
Date of publication, distribution, etc. 2008.
300 ## - PHYSICAL DESCRIPTION
Extent xiv, 573 p.
650 #0 - SUBJECT ADDED ENTRY--TOPICAL TERM
Topical term or geographic name as entry element Accounting.
-- 0000148321
852 1# - LOCATION
-- p920 KES
908 ## - PUT COMMAND PARAMETER (RLIN)
Put command parameter 120106
950 ## - LOCAL HOLDINGS (RLIN)
-- 1
Holdings
Withdrawn status Lost status Source of classification or shelving scheme Not for loan Home library Current library Date acquired Total Checkouts Total Renewals Full call number Barcode Date last seen Date last checked out Price effective from Koha item type Damaged status Copy number
    Library of Congress Classification   Kabarak, Nakuru City Campus Kabarak, Main Campus 21/10/2015 51 6 HF5635 .W36 2008 c. 1 014031 02/04/2025 17/03/2025 21/10/2015 General Collection    
  Lost Library of Congress Classification   Kabarak, Main Campus Kabarak, Main Campus 21/10/2015 5 2 HF5635 .W36 2008 c. 2 20228 10/07/2017 10/07/2017 21/10/2015 General Collection   c. 2
  Lost Library of Congress Classification   Kabarak, Main Campus Kabarak, Main Campus 21/10/2015 39 3 HF5635 .W36 2008 c. 1 20230 10/02/2020 10/02/2020 21/10/2015 General Collection   C.1
Designed with assistance from East African Informatics Ltd